000 00760nam a2200229Ii 4500
003 JO-AjNU
008 230605s9999||||xx |||||||||||||| ||und||
017 _a1996/5633
020 _a977-265-129-7
040 _aJO-AjNU
_bara
_erda
_cJO-AjNU
041 _aara
050 1 4 _aBP76.K45 1996
100 3 _aالخضري، محمد,
_eauthor
_956467
245 0 0 _aإتمام الوفاء في سيرة الخلفاء
250 _aط1
264 3 1 _aالقاهرة: دار التوزيع والنشر الاسلامية، 1996
300 _a300ص
336 _atext
_btxt
_2rdacontent
337 _aunmediated
_bn
_2rdamedia
338 _avolume
_bnc
_2rdacarrier
650 4 _aالخلفاء الراشدون- تاريخ- الاسلام والدولة
_956468
999 _aA25246
_c28814
_d28814